000 00279nam a2200121Ia 4500
008 190216s9999||||xx |||||||||||||| ||und||
100 _aBryan Newton
245 4 _aThe Must Bediffrential Stories Of Love
260 _bCollins
300 _a120
650 _aEnglish
942 _cBK
999 _c13722
_d13722